Louane - On était beau (Paroles) - Statistiques

Statistiques générales
  • Ce quiz a été pris 41 fois
  • Le résultat moyen est 255 sur 319
Statistiques - réponses
Paroles % Correct
On
100%
on
100%
à
97%
beau
97%
beau,
97%
était
97%
Pour
97%
pour
97%
bien
94%
je
94%
Je
94%
le
91%
s'aimer
91%
trop
91%
Trop
91%
la
88%
les
88%
me
88%
quand
88%
Quand
88%
rien
88%
s'aimait
88%
toi
88%
pense
85%
Souvent,
85%
souvent
85%
souriait
82%
Dans
79%
de
79%
nuit
79%
sans
79%
Si
79%
est
76%
noire,
76%
En
73%
Sur
73%
tard
73%
Même
70%
pourtant
70%
Sous
70%
boulevards,
67%
s'il
67%
trottoirs,
67%
accélérait
64%
bouscule,
64%
Encore
64%
suis
64%
Tous
64%
plus
61%
réveille,
61%
freins
58%
ridicule
58%
soleil,
58%
sommeil
58%
C'est
55%
lumière,
55%
réverbères
55%
funambule,
52%
pareil
52%
du
48%
Tu
48%
J'ai
45%
poussière
45%
toutes
45%
cafar,
39%
hémisphères,
39%
un
39%
fatiguée
33%
obsédée
33%
recule,
33%
Au
30%
dégoûte
30%
pas
30%
Presque
30%
soir,
30%
brouillard,
27%
désolée,
27%
d'un
24%
m'écoute,
24%
y
24%
bord
21%
doute,
21%
gouffre
21%
L'ombre
21%
mon
21%
croire
18%
découche,
18%
sais
18%
perds
15%
peux
12%
j'étouffe,
9%
souflle,
9%
s'aimat
6%
Dépossédéen
3%
qouvent
3%
routesn
3%
Aucun quiz correspondant
Distribution des résultats
% des personnes avec chaque résultat
Percentile par nombre de réponses
Votre historique - résultats
Vous n’avez pas pris ce quiz